000 00358nam a2200145 4500
005 20260508111245.0
020 _a9789395691369
082 _a659.1072
_bSAN.A
084 _2Colon Classification
100 _aSanoj Singh
_914384
245 _aAdvertising Research
260 _aNew Delhi:
_bPinakin Publishing;
_c2023.
300 _a264p.
942 _2ddc
_cBK
999 _c759368
_d759368